[Event "ROM-ch U08 Girls"]
[Site "Calimanesti Caciulata"]
[Date "2019.04.19"]
[Round "6.4"]
[White "Gheorghiu, Theodora Maria"]
[Black "Botez, Alexia Maria"]
[Result "1-0"]
[WhiteElo "1001"]
[BlackElo "1030"]
[PlyCount "58"]
[EventDate "2019.04.15"]
[EventType "swiss"]
[EventRounds "9"]
[EventCountry "ROU"]
[SourceTitle "EXT 2024"]
[Source "ChessBase"]
[SourceDate "2023.10.10"]
[SourceVersion "1"]
[SourceVersionDate "2023.10.10"]
[SourceQuality "1"]

1. e4 e6 2. d4 d5 3. Nc3 Bb4 4. e5 c5 5. a3 Bxc3+ 6. bxc3 Ne7 7. Nf3 h6 8. Bd3 cxd4 9. cxd4 Nbc6 10. 0-0 Qa5 11. Ra2 Nb4 12. Qd2 b6 13. Qxb4 Qxb4 14. axb4 0-0 15. h3 Nc6 16. Bd2 Bd7 17. b5 Nd8 18. c4 dxc4 19. Bxc4 Be8 20. Bb4 Rc8 21. Bxf8 Kxf8 22. Rc2 Bxb5 23. Rfc1 Bxc4 24. Rxc4 Rxc4 25. Rxc4 Nb7 26. Rc8+ Ke7 27. Rc7+ Kd8 28. Rxb7 a6 29. Rxb6 Kc7 1-0